000 00857cam a2200241 a 4500
001 82930
003 BD-RjUL
005 20240204114333.0
008 150613s1900 ii 000 0 per d
035 _a(BD-RjUL)82930
040 _aPUL
_beng
_cPUL
_dOCLCQ
_dOCLCG
_dPUL
_dOCLCQ
_dDLC
041 _aeng
082 _223
_a892.75
_bALF 1882
100 0 _aAli Akbar;;على اکبر.‏
_911400
245 1 0 _aفصول اکبرى / Fuṣūl-i Akbarī/
_c على اکبر ه Ali Akbar ; aietiqad husayn ;; اعتقاد حسين
260 _aKānpūr:
_bنول کشور،,
_c1882
300 _a280 pages ;
_c26 cm
500 _aCommentary on M. Akbar Ilāhābādi's Fuṣūl-i Akbarī.
600 1 0 _aʻAlī Akbar,
_d-1680 or 1681.
_tFuṣūl-i Akbarī.
_911401
650 0 _aArabic language
_xGrammar.
700 1 _aاعتقاد حسين
_911402
942 _cBK
_2ddc
999 _c82930
_d82930